[Event "4th IECC"]
[Site "Istanbul TUR"]
[Date "2003.06.12"]
[Round "12"]
[White "Burmakin,V"]
[Black "Lputian,S"]
[Result "1/2-1/2"]
[WhiteElo "2569"]
[BlackElo "2638"]

1.d4 d5 2.Nf3 Nf6 3.c4 e6 4.g3 Be7 5.Bg2 O-O 6.O-O Nbd7 7.Qc2 c6 8.Rd1 b6
9.Nc3 Ba6 10.b3 Rc8 11.e4 dxc4 12.Bf4 Bb7 13.Rd2 b5 14.bxc4 b4 15.Na4  1/2-1/2

[Event "Master Open"]
[Site "Voronezh RUS"]
[Date "2003.06.12"]
[Round "1"]
[White "Kornev,Alexe"]
[Black "Andreev,Vit"]
[Result "1-0"]
[WhiteElo "2563"]
[BlackElo "2331"]

1.d4 Nf6 2.c4 e6 3.g3 d5 4.Nf3 Be7 5.Bg2 O-O 6.O-O Nbd7 7.Qc2 c6 8.b3 Re8
9.Nc3 Qa5 10.Bd2 Qa6 11.c5 e5 12.dxe5 Ng4 13.e4 dxe4 14.Nxe4 Ngxe5 15.Bc3 Bf8
16.Rad1 Ng6 17.Rfe1 b6 18.Bf1 b5 19.a4 Qb7 20.axb5 cxb5 21.Nd4 Nde5 22.Bg2 Qb8
23.f4 b4 24.Bb2 Bg4 25.Rc1 Nd7 26.h3  1-0

[Event "4th IECC"]
[Site "Istanbul TUR"]
[Date "2003.06.13"]
[Round "13"]
[White "Zaja,I"]
[Black "Dervishi,E"]
[Result "1/2-1/2"]
[WhiteElo "2417"]
[BlackElo "2535"]

1.d4 d5 2.c4 e6 3.Nf3 Nf6 4.g3 Be7 5.Bg2 O-O 6.O-O b6 7.cxd5 exd5 8.Nc3 Bb7
9.Bf4 c6 10.Rc1 Nbd7  1/2-1/2

[Event "It"]
[Site "Leposavic YUG"]
[Date "2003.06.15"]
[Round "3"]
[White "Antic,D"]
[Black "Radulski,J"]
[Result "1/2-1/2"]
[WhiteElo "2450"]
[BlackElo "2493"]

1.d4 d5 2.c4 e6 3.Nf3 Nf6 4.g3 Be7 5.Bg2 O-O 6.O-O dxc4 7.Qc2 a6 8.a4 Bd7
9.Ne5 Nc6 10.Qxc4 Nd5 11.Bxd5 Nxe5 12.dxe5 exd5 13.Qxd5 Qc8 14.Nc3 Bc6 15.Qc4 Qf5
16.Bf4 g5 17.e4 Qe6 18.Qxe6 fxe6 19.Be3 g4  1/2-1/2

[Event "LXVII ch-CRC"]
[Site "Cenfotec CRC"]
[Date "2003.06.16"]
[Round "4"]
[White "Minero Pineda,S"]
[Black "Valdes,Le"]
[Result "0-1"]
[WhiteElo "2426"]
[BlackElo "2404"]

1.Nf3 d5 2.d4 Nf6 3.c4 e6 4.g3 Be7 5.Bg2 O-O 6.O-O dxc4 7.Nbd2 b5 8.Ne5 Nd5
9.a4 c6 10.Ne4 Bb7 11.Bd2 Nd7 12.Ba5 Qe8 13.b3 f5 14.Nxd7 Qxd7 15.Nc5 Bxc5
16.dxc5 cxb3 17.Qxb3 Ba6 18.Qc2 Qf7 19.Bc3 bxa4 20.Be5 Bb5 21.Rfd1 Rad8 22.Bd6 Rfe8
23.e4 fxe4 24.Bxe4 Nf6 25.Bg2 e5 26.Ra3 e4 27.Re1 a6 28.Rae3 Bd3 29.Qxa4 Ng4
30.R3e2 Bb5 31.Qd4 Bxe2 32.Rxe2 Nf6 33.Bf1 Kh8 34.Qa4 Qb7 35.Re3 Ra8 36.Rb3 Qd7
37.Bc4 e3 38.fxe3 Re4 39.Rb4 a5 40.Rb6 Nd5 41.Rb3 Nxe3 42.Rc3 Rxc4 43.Rxc4 Nxc4
44.Qxc4 a4 45.Qa2 a3 46.h4 Qe8 47.Kh2 Qg8 48.Qa1 a2 49.Be5 Ra7 50.Qe1 Re7
51.Qa1 Qd5  0-1

[Event "ch-RSA"]
[Site "Kempton Park RSA"]
[Date "2003.06.17"]
[Round "7"]
[White "Michelakis,G"]
[Black "Solomon,K"]
[Result "1/2-1/2"]
[WhiteElo "2405"]
[BlackElo "2328"]

1.d4 Nf6 2.c4 e6 3.g3 d5 4.Nf3 Be7 5.Bg2 O-O 6.O-O dxc4 7.Qc2 a6 8.a4 Bd7
9.Qxc4 Bc6 10.Bg5 a5 11.Nc3 Na6 12.Bxf6 Bxf6 13.e4 Nb4 14.Rfd1 g6 15.Ne1 Bg7
16.Rac1 Re8 17.Nc2 Bh6 18.f4 Bf8 19.Ne3 b6 20.e5 Bxg2 21.Kxg2 c6 22.Ng4 Bg7
23.Ne4 Re7 24.Ngf6+ Kh8 25.Qb3 Rc7 26.g4 Bxf6 27.Nxf6 Nd5 28.Nxd5 cxd5  1/2-1/2

[Event "Master Open"]
[Site "Voronezh RUS"]
[Date "2003.06.19"]
[Round "7"]
[White "Gubajdullin,A"]
[Black "Nikitin,An"]
[Result "0-1"]
[WhiteElo "2357"]
[BlackElo "2483"]

1.Nf3 d5 2.d4 e6 3.c4 Be7 4.g3 Nf6 5.Bg2 O-O 6.Nbd2 c6 7.O-O Nbd7 8.Qc2 b6
9.e4 Ba6 10.b3 Rc8 11.Rd1 c5 12.exd5 exd5 13.Qf5 g6 14.Qh3 cxd4 15.Nxd4 Ne5
16.N2f3 Neg4 17.cxd5 h5 18.Ne1 Nxd5 19.Bb2 Bc5 20.Bf3 Qg5 21.Nec2 Rfd8 22.Bc1 Qf6
23.Bxg4 hxg4 24.Qxg4 Bxd4 25.Nxd4 Nc3 26.Bg5 Rxd4 27.Qxc8+ Bxc8 28.Bxf6 Rxd1+
29.Rxd1 Nxd1 30.Kf1 Bg4 31.Kg2 b5 32.b4 Be6 33.a3 Bd5+ 34.Kf1 Bf3 35.Ke1 Kf8
36.h3 Ke8 37.Bd4 a6 38.g4 Kd7 39.g5 Ke6 40.Ba1 Kd5 41.Kd2 Kc4 42.Be5 Kb3
43.Bc7 Kxa3 44.Ba5 Kb3 45.Kd3 Bg2 46.h4 Nxf2+ 47.Kd4  0-1

[Event "ch-Barents Region A"]
[Site "Alta NOR"]
[Date "2003.06.20"]
[Round "1"]
[White "Romsdal,T"]
[Black "Bae,T"]
[Result "0-1"]
[WhiteElo "2207"]
[BlackElo "2347"]

1.d4 d5 2.Nf3 e6 3.c4 Nf6 4.g3 Be7 5.Bg2 O-O 6.O-O c6 7.b3 b6 8.Bb2 Bb7 9.Nbd2 Nbd7
10.Ne5 Rc8 11.e4 Qc7 12.Rc1 Qb8 13.Re1 Bb4 14.exd5 cxd5 15.Nd3 Bd6 16.f4 Rc7
17.Qe2 Rfc8 18.Rc2 Bf8 19.Rec1 dxc4 20.bxc4 Bxg2 21.Kxg2 Qb7+ 22.Nf3 Qa6
23.Nde5 Ba3 24.Nxf7 Kxf7 25.Ng5+ Kf8 26.Nxe6+ Kg8 27.Nxc7 Rxc7 28.Qe6+ Kh8
29.Bxa3 Qxa3 30.c5 bxc5 31.dxc5 h6 32.c6 Nb6 33.Rd1 Qa5 34.Rcd2 Kh7 35.h4 Qc5
36.Kh3 Rxc6 37.Qe2 Qf5+ 38.g4 Qxf4 39.Qd3+ g6 40.Rg1 Nbd5  0-1

[Event "IM"]
[Site "Elancourt FRA"]
[Date "2003.06.21"]
[Round "1"]
[White "Verat,L"]
[Black "Legky,N"]
[Result "1/2-1/2"]
[WhiteElo "2357"]
[BlackElo "2497"]

1.d4 Nf6 2.c4 e6 3.g3 d5 4.Bg2 Be7 5.Nf3 O-O 6.O-O dxc4 7.Qc2 a6 8.Qxc4 b5
9.Qc2 Bb7 10.Bf4 Nd5 11.Nc3 Nxf4 12.gxf4 Ra7 13.e3 Nd7 14.Rfd1 Bxf3 15.Bxf3 Qc8  1/2-1/2

[Event "2nd It"]
[Site "Grenoble FRA"]
[Date "2003.06.21"]
[Round "1"]
[White "Demarchi,O"]
[Black "Saez,F"]
[Result "1-0"]
[WhiteElo "2222"]
[BlackElo "2281"]

1.d4 d5 2.c4 e6 3.g3 Nf6 4.Bg2 Be7 5.Nf3 O-O 6.O-O c6 7.Nc3 Nbd7 8.b3 Ne4
9.Nxe4 dxe4 10.Nd2 f5 11.Bb2 Bf6 12.f3 Qb6 13.c5 Qc7 14.fxe4 Bg5 15.e5 Rd8
16.Bc3 b6 17.b4 bxc5 18.bxc5 Ba6 19.Re1 Rab8 20.e3 Bh6 21.Qa4 Bb5 22.Ba5 Qc8
23.Qc2 Re8 24.a4 Ba6 25.Nb3 Nf8 26.Bd2 Qd7 27.Na5 Rec8 28.Rab1 Rxb1 29.Rxb1 Ng6
30.Nc4 f4 31.gxf4 Nxf4 32.exf4 Qxd4+ 33.Be3 Qxc4 34.Qxc4 Bxc4 35.Rb7 g5 36.fxg5 Bg7
37.Rxa7 Bxe5 38.Be4 Bg7 39.a5 Bd5 40.Bc2 e5 41.a6 Bc4 42.h4 Rf8 43.Be4 Rf1+
44.Kg2 Ra1 45.Bxc6 Rxa6 46.Rxa6 Bxa6 47.Bd7 Kf7 48.c6 Bb5 49.Kf3 Ke7 50.Bc5+ Kf7
51.Ke4 h6 52.Kd5 hxg5 53.hxg5 e4 54.Bf5 Bc3 55.c7 Ba6 56.Kxe4 Bb7+ 57.Kf4 Ba6
58.c8=Q Bxc8 59.Bxc8  1-0

[Event "TCh-BIH"]
[Site "Jahorina BIH"]
[Date "2003.06.21"]
[Round "1"]
[White "Ivanisevic,I"]
[Black "Maksimenko,A"]
[Result "0-1"]
[WhiteElo "2569"]
[BlackElo "2506"]

1.c4 e6 2.Nf3 Nf6 3.g3 d5 4.d4 Be7 5.Bg2 O-O 6.O-O dxc4 7.Qc2 a6 8.Qxc4 b5
9.Qc2 Bb7 10.Bd2 Nbd7 11.Ba5 Rc8 12.Nbd2 Qe8 13.b4 Bd6 14.e4 e5 15.Rae1 g6
16.Nb3 Nh5 17.dxe5 Bxe5 18.Bh3 f5 19.exf5 Bxf3 20.Re3 Ba8 21.Nc5 Nb6 22.fxg6 Qc6
23.Re4 Nf6 24.Bxc8 Nxc8 25.Qb3+ Kh8 26.Qe3 Re8 27.f3 Nxe4 28.fxe4 Qxg6 29.Rf5 Qd6
30.Qf3 Rg8 31.Kf1 Ne7 32.Rf8 Qg6 33.Nd7 Bxe4 34.Rxg8+ Nxg8 35.Nxe5 Bxf3 36.Nxg6+ hxg6
37.Bxc7 Nf6 38.Kf2 Bd5 39.Be5 Kg7  0-1

[Event "TCh-BIH"]
[Site "Jahorina BIH"]
[Date "2003.06.23"]
[Round "4"]
[White "Blagojevic,D"]
[Black "Privalov,Y"]
[Result "1-0"]
[WhiteElo "2548"]
[BlackElo "2400"]

1.d4 d5 2.c4 e6 3.Nf3 Nf6 4.g3 Be7 5.Bg2 O-O 6.Qc2 c6 7.O-O b6 8.b3 Bb7 9.Rd1 Nbd7
10.Nc3 Qb8 11.e4 Nxe4 12.Nxe4 dxe4 13.Qxe4 c5 14.Qe2 Bf6 15.Bb2 Rd8 16.Rd2 cxd4
17.Bxd4 Bxd4 18.Nxd4 Bxg2 19.Kxg2 Qb7+ 20.Qf3 Qxf3+ 21.Kxf3 Nf6 22.Rad1 Rdc8
23.Nc6 Kf8 24.Ne5 Ke7 25.Rd6 Rc7 26.Nc6+ Kf8 27.Rd8+ Rxd8 28.Rxd8+ Ne8 29.Nd4 Ke7
30.Ra8 a5 31.Rb8 a4 32.Rxb6 axb3 33.axb3 Rd7 34.Ke3 g6 35.b4 Nd6 36.Rc6 Rb7
37.b5 Kd7 38.Kd3 e5 39.Nc2 Nxb5 40.cxb5 Rxb5 41.Rc4 Rb2 42.Ke4 f6 43.Kf3 h5
44.Ne3 Rb3 45.Ra4 Rb6 46.Ra7+ Ke6 47.Rg7 g5 48.Rh7 h4 49.gxh4 gxh4 50.Re7+  1-0

[Event "TCh-BIH"]
[Site "Jahorina BIH"]
[Date "2003.06.24"]
[Round "5"]
[White "Boric,M"]
[Black "Batinic,P"]
[Result "1/2-1/2"]
[WhiteElo "2410"]
[BlackElo "2191"]

1.d4 d5 2.Nf3 Nf6 3.c4 e6 4.g3 Be7 5.Bg2 O-O 6.O-O Nbd7 7.Nbd2 c6 8.Qc2 b6
9.e4 dxe4 10.Nxe4 Nxe4 11.Qxe4 Ba6 12.b3 Rc8 13.Bb2 b5 14.c5 Nf6 15.Qc2 Nd5
16.Rfe1 b4 17.a4 Bf6 18.Ne5 Qc7 19.Be4 g6 20.h4 Bg7 21.h5 f6 22.Nf3 f5 23.Bxd5 exd5
24.Bc1 f4 25.Ne5 fxg3 26.fxg3 Bxe5 27.dxe5 Rce8 28.hxg6 Qg7 29.Kg2 hxg6 30.Bg5 Rf5
31.Bf6 Qh6 32.Qc1 Qh5 33.Qd1 Qxd1 34.Raxd1 Bd3 35.g4 Be4+ 36.Rxe4 Rxf6 37.Rxb4 Rxe5
38.Rb7 a5 39.Rh1 Re2+ 40.Kg3 Re3+ 41.Kg2 Re2+ 42.Kg3 Re3+ 43.Kg2  1/2-1/2

[Event "TCh-BIH"]
[Site "Jahorina BIH"]
[Date "2003.06.27"]
[Round "9"]
[White "Kozul,Z"]
[Black "Vojinovic,G"]
[Result "1-0"]
[WhiteElo "2601"]
[BlackElo "2472"]

1.d4 d5 2.c4 e6 3.Nf3 Nf6 4.g3 Be7 5.Bg2 O-O 6.O-O dxc4 7.Ne5 Nc6 8.Bxc6 bxc6
9.Nxc6 Qe8 10.Qa4 Bb7 11.Nxe7+ Qxe7 12.Qxc4 e5 13.dxe5 Qxe5 14.Nc3 Rab8 15.Be3 Qh5
16.f3 a5 17.Bd4 Ba8 18.Qxc7 Rxb2 19.Rab1 Rc2 20.Rb8  1-0

[Event "ch-Quebec Inv"]
[Site "Montreal CAN"]
[Date "2003.06.27"]
[Round "2"]
[White "Maly,Al"]
[Black "Duong Thanh Nha"]
[Result "1-0"]
[WhiteElo "2366"]
[BlackElo "2314"]

1.d4 d5 2.c4 e6 3.Nf3 Nf6 4.g3 Be7 5.Bg2 O-O 6.O-O dxc4 7.Ne5 Nbd7 8.Nxc4 c5
9.e4 cxd4 10.e5 Nd5 11.Qxd4 N7b6 12.Nbd2 Nb4 13.Qg4 Nc2 14.Rb1 Qd4 15.Be4 g6
16.Nxb6 axb6 17.Nf3 Qa4 18.b3 Qb4 19.Bd2 Qc5 20.Bh6 Nd4 21.Nxd4 Qxd4 22.Bxf8 Bxf8
23.Qf4 Ra5 24.Rfd1 Qxe5 25.Rbc1 Qh5 26.Bf3 e5 27.Bxh5 exf4 28.Rxc8  1-0

[Event "31st World Open"]
[Site "Philadelphia USA"]
[Date "2003.07.06"]
[Round "9"]
[White "Ippolito,D"]
[Black "Castaneda,N"]
[Result "1-0"]
[WhiteElo "2371"]
[BlackElo "2229"]

1.d4 d5 2.c4 e6 3.Nf3 Nf6 4.g3 Be7 5.Bg2 O-O 6.O-O Nbd7 7.Qb3 c6 8.Bg5 h6
9.Bxf6 Bxf6 10.Nbd2 Qb6 11.Qd3 c5 12.cxd5 exd5 13.e3 Re8 14.Rac1 c4 15.Qb1 Nf8
16.b3 cxb3 17.Nxb3 Qd6 18.Nfd2 Ne6 19.Qd3 Bd7 20.e4 Qb6 21.e5 Bb5 22.Qc3 Bxf1
23.Nxf1 Be7 24.Ne3 Bb4 25.Qd3 Nc7 26.Rxc7 Qxc7 27.Nxd5 Qd7 28.Nxb4 Qa4 29.Qd2 a5
30.Nd5 Ra7 31.Nc5 Qc4 32.Ne4 Qb5 33.h4 b6 34.Kh2 Rd8 35.Nd6 Qb1 36.Be4 Qf1
37.Bg2 Qb1 38.Be4 Qf1 39.Bd3 Qa1 40.Qf4 Qxa2 41.Bc4 Qb2 42.Nxf7 b5 43.Nxd8 bxc4
44.e6 Qa3 45.Nc6 Ra8 46.Nce7+ Kh8 47.Qf7 a4 48.Ng6+  1-0

[Event "1st Stage Russian Cup"]
[Site "Tomsk RUS"]
[Date "2003.07.06"]
[Round "3"]
[White "Ivanov,T"]
[Black "Bragin,A2"]
[Result "1-0"]
[WhiteElo "2454"]
[BlackElo "2255"]

1.d4 Nf6 2.c4 e6 3.g3 d5 4.Bg2 Be7 5.Nf3 O-O 6.O-O c6 7.Nbd2 b6 8.b3 Bb7
9.Bb2 Nbd7 10.Qc2 Rc8 11.e4 c5 12.exd5 exd5 13.dxc5 Bxc5 14.Rad1 Qc7 15.Qf5 dxc4
16.Nxc4 Be4 17.Qg5 h6 18.Qh4 Rfe8 19.Qh3 Qb7 20.Nd4 Bxg2 21.Qxg2 Qe4 22.Nb5 Qxg2+
23.Kxg2 Re6 24.a4 a6 25.Nd4 Bxd4 26.Bxd4 Nc5 27.Be3 Nxa4 28.Nd6 Rc6 29.Nf5 Nc3
30.Rd8+ Kh7 31.Nd4 Ncd5 32.Bd2 Rc5 33.Nxe6 fxe6 34.Rc1 Rb5 35.b4 Nxb4 36.Bxb4 Rxb4
37.Rc7 a5 38.Ra8 Kg6 39.Raa7 Nh5 40.h3 Kf6 41.Rc6 Ke5 42.Re7 Kd5 43.Rexe6  1-0

[Event "Open"]
[Site "Montpellier FRA"]
[Date "2003.07.07"]
[Round "1"]
[White "Bauer,Ch"]
[Black "Lacrosse,M"]
[Result "1-0"]
[WhiteElo "2589"]
[BlackElo "2290"]

1.d4 d5 2.c4 e6 3.Nf3 Nf6 4.g3 Be7 5.Bg2 O-O 6.O-O dxc4 7.Qc2 a6 8.Qxc4 b5
9.Qc2 Bb7 10.Bd2 Be4 11.Qc1 Nc6 12.Be3 Rc8 13.Rd1 Nb4 14.Nc3 Bb7 15.Ne5 Bxg2
16.Kxg2 c5 17.a3 Nbd5 18.dxc5 Qc7 19.Nxd5 Nxd5 20.Bd4 Bxc5 21.e4 Bxd4 22.Qxc7 Rxc7
23.Rxd4 Nf6 24.Kf3 Rc2 25.Nd3 Rfc8 26.a4 R2c4 27.Rxc4 bxc4 28.Rc1 Nd7 29.b3 c3
30.Ke3 a5 31.Rc2 Kf8 32.f4 f6 33.Nc1  1-0

[Event "White Nights"]
[Site "St Petersburg RUS"]
[Date "2003.07.07"]
[Round "9"]
[White "Eliseev,A"]
[Black "Vunder,A"]
[Result "1-0"]
[WhiteElo "2468"]
[BlackElo "2307"]

1.d4 e6 2.Nf3 d5 3.g3 Nf6 4.Bg2 Be7 5.c4 O-O 6.cxd5 exd5 7.O-O c6 8.Bf4 Bd6
9.Nbd2 Re8 10.Re1 h6 11.Bxd6 Qxd6 12.Ne5 Ng4 13.Nd3 Bf5 14.Qb3 Nd7 15.Rac1 Rab8
16.e3 Ngf6 17.f3 h5 18.Nf2 Be6 19.Qc3 Qc7 20.a3 a5 21.Nd3 a4 22.Nf4 Qb6 23.Nxe6 Rxe6
24.Bh3 Ree8 25.Qb4 Ra8 26.Nb1 Qa7 27.Rc2 Nf8 28.Nc3 Ne6 29.Rd2 g6 30.Kf2 Kg7
31.Bf1 b5 32.Rc1 Rac8 33.Rdc2 Qb8 34.Na2 h4 35.Rxc6 Rxc6 36.Rxc6 hxg3+ 37.hxg3 Nh5
38.Qd6 Qa7 39.Qxd5  1-0

[Event "White Nights"]
[Site "St Petersburg RUS"]
[Date "2003.07.07"]
[Round "9"]
[White "Biriukov,O"]
[Black "Mirovshchikov,S"]
[Result "1-0"]
[WhiteElo "2369"]
[BlackElo "2396"]

1.d4 d5 2.c4 e6 3.Nf3 Be7 4.g3 Nf6 5.Bg2 c6 6.Qc2 Nbd7 7.O-O O-O 8.Rd1 b6
9.b3 Bb7 10.Nc3 Rc8 11.e4 c5 12.exd5 exd5 13.Bb2 dxc4 14.d5 Bd6 15.bxc4 a6
16.h3 Re8 17.a4 Qc7 18.Nh4 g6 19.Nf3 Rcd8 20.Ng5 Qb8 21.f4 Bf8 22.Nce4 Bg7
23.Rab1 h6 24.Nxf6+ Nxf6 25.Bxf6 Bxf6 26.Rxb6 Bxg5 27.fxg5 Rd6 28.Rb3 Qc7
29.gxh6 Bc8 30.Qb2 f6 31.Rf1 Rf8 32.Qd2 Kh7 33.Rc3 Rf7 34.a5 g5 35.Rcf3 Qe7
36.Qxg5 f5 37.Qxe7 Rxe7 38.Rb3 Rxh6 39.Rb6 Re3 40.Rb8  1-0

[Event "ch-SWE"]
[Site "Umea SWE"]
[Date "2003.07.07"]
[Round "8"]
[White "Tikkanen,H"]
[Black "Lindberg,Be"]
[Result "1/2-1/2"]
[WhiteElo "2337"]
[BlackElo "2392"]

1.d4 Nf6 2.c4 e6 3.g3 d5 4.Bg2 Be7 5.Nf3 O-O 6.O-O dxc4 7.Qc2 a6 8.Qxc4 b5
9.Qc2 Bb7 10.Bg5 Nbd7 11.Bxf6 Nxf6 12.Nbd2 Rc8 13.Nb3 Be4 14.Qc3 Qd5 15.Rfd1 Rfd8
16.Nc5 Bxc5 17.Qxc5 Qb7 18.b4 Rd5 19.Qc3 Rcd8 20.Rd2 R5d6 21.Qb2 Nd5 22.Ne1 Bxg2
23.Nxg2 Nb6 24.Rd3 Nc4 25.Qc3 Qe4 26.Ne3 Nxe3 27.fxe3 Rc6 28.Qd2 h5 29.Rc1 h4
30.gxh4 Rxc1+ 31.Qxc1 Qg4+ 32.Kf1 Rd5 33.e4 Qxe4 34.Qxc7 Qxh4 35.Rf3 Qh5
36.Qc8+ Kh7 37.Qc2+ Kg8 38.Qc8+ Kh7 39.Qc2+ Kg8 40.Qc8+  1/2-1/2

[Event "Pre-Amazon Open"]
[Site "Imperatriz BRA"]
[Date "2003.07.08"]
[Round "5"]
[White "Lima,Da"]
[Black "Pelikian,J"]
[Result "1-0"]
[WhiteElo "2519"]
[BlackElo "2415"]

1.d4 Nf6 2.c4 e6 3.g3 d5 4.Bg2 Be7 5.Nf3 O-O 6.O-O dxc4 7.Qc2 a6 8.a4 Bd7
9.Qxc4 Bc6 10.Bg5 Bd5 11.Qc2 a5 12.Nc3 Bxf3 13.Bxf3 c6 14.Rad1 Na6 15.e4 Nb4
16.Qe2 h6 17.Bc1 Re8 18.e5 Nh7 19.Be4 Qc7 20.Qg4 Kh8 21.Bb1 Rad8 22.Qh5 Bf8
23.Rfe1 Re7 24.Bxh7 Kxh7 25.Bg5 Red7 26.Bxd8 Qxd8 27.Qg4 Kh8 28.Qe4 Nd5 29.Nxd5 Rxd5
30.Re3 Kg8 31.Red3 Qb6 32.b3 Qb4 33.Qe1 Qb6  1-0

[Event "ch-NOR"]
[Site "Fredrikstad NOR"]
[Date "2003.07.09"]
[Round "6"]
[White "Johannessen,LE"]
[Black "Ekeberg,C"]
[Result "1-0"]
[WhiteElo "2525"]
[BlackElo "2226"]

1.d4 Nf6 2.c4 e6 3.g3 d5 4.Nf3 Be7 5.Bg2 O-O 6.O-O dxc4 7.Qc2 a6 8.Qxc4 b5
9.Qc2 Bb7 10.Bd2 Nbd7 11.Ba5 Rc8 12.Nbd2 Qe8 13.b4 Nd5 14.a3 f5 15.Rae1 N5f6
16.Ng5 Bxg2 17.Kxg2 Bd6 18.Qb3 Kh8 19.Nxe6 Rf7 20.e4 fxe4 21.Nxe4 Nxe4 22.Rxe4 Re7
23.Rfe1 Qg6 24.R4e3 Rf7 25.Qd5 Nf6 26.Qc6 Qh5 27.Rf3 h6 28.h3 Kh7 29.Qxa6 Re8
30.Qc6 Rfe7 31.Rfe3 Qd5+ 32.Qxd5 Nxd5 33.Re4 Kg8 34.f4 Nc3 35.R4e3 Nd5 36.R3e2 Nc3
37.Rc2 Nd5 38.Rce2 Nc3 39.Rc2 Nd5 40.f5 g6 41.g4 gxf5 42.gxf5 Kf7 43.Kf3 Rg8
44.Re5 Bxe5 45.dxe5 Rxe6 46.fxe6+ Kxe6 47.Ke4 Ne7 48.Bxc7 Rg3 49.Rd2 Nf5
50.Rd3 Rg1 51.Rc3 Re1+ 52.Kd3 Rh1 53.Ke4 Re1+ 54.Kf3 Rf1+ 55.Kg2 Ra1 56.Bb8 Nd4
57.Kf2 Ra2+ 58.Ke3 Nf5+ 59.Kd3 Rh2 60.Rc6+ Kd7 61.Rb6 Rxh3+ 62.Ke4 Ne7 63.e6+ Kd8
64.Be5 Re3+ 65.Kxe3 Nd5+ 66.Kd4 Nxb6 67.Kc5 Nc4 68.Bf6+  1-0

[Event "25th Open"]
[Site "Oberwart AUT"]
[Date "2003.07.11"]
[Round "7"]
[White "Barnaure,V"]
[Black "Horvath,P1"]
[Result "0-1"]
[WhiteElo "2317"]
[BlackElo "2463"]

1.d4 d5 2.c4 e6 3.Nf3 Nf6 4.g3 Be7 5.Bg2 O-O 6.O-O dxc4 7.Qc2 a6 8.Qxc4 b5
9.Qc2 Bb7 10.Bd2 Ra7 11.Rd1 Qc8 12.Ba5 Nc6 13.Be1 Nb4 14.Bxb4 Bxb4 15.Ne5 a5
16.Nc6 Ra6 17.Nd2 Bd6 18.a4 b4 19.Nb3 Qa8 20.Rac1 Nd7 21.Bf3 Re8 22.Ne5 Bxf3
23.Nxf3 e5 24.dxe5 Nxe5 25.Nfd4 Ng4 26.Nc6 Re6 27.Qc4 h5 28.Nbd4 Rf6 29.Nf3 Nxf2
30.Rxd6 Rxd6 31.Nce5 Nh3+ 32.Kg2 Ng5 33.Qxc7 Qe4 34.Qc8+ Kh7 35.Qc2 f6 36.Nf7 Qxc2
37.N7xg5+ fxg5 38.Rxc2 Rac6  0-1

[Event "25th Open"]
[Site "Oberwart AUT"]
[Date "2003.07.12"]
[Round "8"]
[White "Burmakin,V"]
[Black "Horvath,P1"]
[Result "1-0"]
[WhiteElo "2575"]
[BlackElo "2463"]

1.Nf3 d5 2.d4 Nf6 3.c4 e6 4.g3 Be7 5.Bg2 O-O 6.O-O dxc4 7.Qc2 a6 8.a4 Bd7
9.Bg5 Bc6 10.Bxf6 Bxf6 11.Rd1 a5 12.Qxc4 Na6 13.Nc3 Nb4 14.Rac1 Rc8 15.Ne5 Bxg2
16.Kxg2 c6 17.Ng4 Be7 18.e4 Qd6 19.Ne3 Kh8 20.Qe2 Rce8 21.Nc4 Qd8 22.e5 f5
23.exf6 Bxf6 24.Ne5 Qc7 25.Qh5 Kg8 26.Ne4 Nd5 27.Nc5 Bxe5 28.Qxe5 Qf7 29.f4 Qf5
30.Kh1 Qg4 31.Rf1 Rf5 32.Qe4 Re7 33.Rce1 g5 34.fxg5 Qxe4+ 35.Nxe4 Rxf1+ 36.Rxf1 e5
37.dxe5 Rxe5 38.Re1 Kg7 39.Kg2 Nb4 40.Kf3 Nd3 41.Re3 Nxb2 42.Rb3 Nxa4 43.Rxb7+ Kg6
44.Rc7 Re6 45.h4 h5 46.gxh6 Kxh6 47.Ng5 Re1 48.Kg4 Rc1 49.Rh7+ Kg6 50.h5+ Kf6
51.Rf7+ Ke5 52.Rf5+ Kd6 53.h6  1-0

[Event "Open A"]
[Site "Poznan POL"]
[Date "2003.07.12"]
[Round "8"]
[White "Czuchnicki,J"]
[Black "Szuminski,M"]
[Result "1-0"]
[WhiteElo "2004"]
[BlackElo "2134"]

1.d4 d5 2.c4 e6 3.Nf3 Nf6 4.g3 Be7 5.Bg2 O-O 6.O-O dxc4 7.Qc2 a6 8.Rd1 Nc6
9.Qxc4 Qd5 10.Qxd5 exd5 11.Nc3 Bf5 12.Bf4 Rac8 13.Ne5 Rfd8 14.Nxc6 bxc6 15.Rac1 h6
16.h4 Bd6 17.Na4 Bxf4 18.gxf4 Rd6 19.Rc3 Rb8 20.b3 Re8 21.Kf1 Ne4 22.Bxe4 Rxe4
23.e3 Re7 24.Rdc1 Bd7 25.Nc5 Bc8 26.Nd3 Ree6 27.Ne5 Bb7 28.Rc5 g6 29.Nd3 Kg7
30.Ra5 Re7 31.Nc5 Bc8 32.Nxa6 f6 33.Nb8 Ree6 34.Ra7 Re7 35.Rxc6 Rxc6 36.Nxc6 Rf7
37.Nb4 Be6 38.Na6  1-0

[Event "103rd ch-SUI"]
[Site "Silvaplana SUI"]
[Date "2003.07.12"]
[Round "3"]
[White "Raetsky,A"]
[Black "Huss,A"]
[Result "1/2-1/2"]
[WhiteElo "2438"]
[BlackElo "2331"]

1.d4 e6 2.c4 Nf6 3.g3 d5 4.Nf3 Be7 5.Bg2 O-O 6.O-O Nbd7 7.Qc2 c6 8.Nbd2 b6
9.e4 Bb7 10.b3 Rc8 11.Bb2 Qc7 12.e5 Ne8 13.Rac1 Qb8 14.Rfe1 Nc7  1/2-1/2

[Event "25th Politiken Cup"]
[Site "Copenhagen DEN"]
[Date "2003.07.14"]
[Round "1"]
[White "Krasenkow,M"]
[Black "Eddy,S"]
[Result "1-0"]
[WhiteElo "2585"]
[BlackElo "2055"]

1.d4 d5 2.c4 e6 3.Nf3 Nf6 4.g3 Be7 5.Bg2 O-O 6.O-O b6 7.Ne5 Bb7 8.Nc3 Nbd7
9.Bf4 Nxe5 10.dxe5 Ne4 11.Nxe4 dxe4 12.Qc2 Bc5 13.Bxe4 Bxe4 14.Qxe4 Qe7 15.Rad1 Rad8
16.b3 a5 17.Rd3 Rxd3 18.exd3 Rd8 19.Be3 Bxe3 20.fxe3 Qd7 21.d4 a4 22.b4 Qe7
23.a3 c5 24.dxc5 bxc5 25.b5 Qd7 26.b6 Rb8 27.Rb1 Qb7 28.Qxb7 Rxb7 29.Rb5 Kf8
30.Kf2 Ke7 31.Ke2 Kd7 32.Rxc5 Rxb6 33.Rb5 Ra6 34.Rb7+ Ke8 35.Kd3 Ra5 36.Kd4 Ra8
37.c5 Rd8+ 38.Kc4 Rd2 39.c6 Rxh2 40.Rb1 Ke7 41.Kd3  1-0

[Event "25th Politiken Cup"]
[Site "Copenhagen DEN"]
[Date "2003.07.16"]
[Round "3"]
[White "Romsdal,T"]
[Black "Petersen,L"]
[Result "1-0"]
[WhiteElo "2207"]
[BlackElo "2047"]

1.d4 d5 2.c4 e6 3.Nf3 Nf6 4.g3 Be7 5.Bg2 O-O 6.O-O c6 7.b3 Nbd7 8.Bb2 b6
9.Nbd2 Bb7 10.Ne5 c5 11.cxd5 exd5 12.Ndf3 Rc8 13.Rc1 Re8 14.Nxf7 Qc7 15.N7e5 Bd6
16.Nxd7 Nxd7 17.Bh3 Ra8 18.dxc5 bxc5 19.Nd4 Nf8 20.Nb5 Qc6 21.Nxd6 Qxd6 22.b4 c4
23.Rxc4 Rad8 24.Qd4 Re7 25.Rc2 Ne6 26.Bxe6+ Qxe6 27.Rd1 Rf8 28.b5 Qg6 29.Rcd2 Ref7
30.f3 Rc8 31.Qxa7 Ra8 32.Qe3 Rc7 33.Qe5 Rc5 34.a4  1-0

[Event "BCSA Open"]
[Site "Batumi GEO"]
[Date "2003.07.18"]
[Round "2"]
[White "Yegiazarian,A"]
[Black "Tsereteli,T"]
[Result "1-0"]
[WhiteElo "2524"]
[BlackElo "2288"]

1.Nf3 d5 2.c4 e6 3.d4 Nf6 4.g3 Be7 5.Bg2 O-O 6.O-O c6 7.b3 Nbd7 8.Nc3 Ne4
9.Bb2 f5 10.Qc2 Qe8 11.e3 Qh5 12.Ne2 Ndf6 13.Ne5 g5 14.f3 Nd6 15.Ba3 Bd7
16.e4 dxe4 17.fxe4 Qe8 18.exf5 Nxf5 19.Bxe7 Qxe7 20.Qd2 Qg7 21.Rf2 Be8 22.g4 Nh4
23.Raf1 Nxg2 24.Kxg2 Bg6 25.Ng3 h6 26.Qe3 Rae8 27.h3 Nd7 28.Nxd7 Qxd7 29.Qe5 Rxf2+
30.Rxf2 Qg7 31.Rf6 Re7 32.Nh5 Bxh5 33.gxh5 Kh8 34.Rxh6+  1-0

[Event "24th Open"]
[Site "Bled SLO"]
[Date "2003.07.19"]
[Round "7"]
[White "Rodman,F"]
[Black "Begovac,F"]
[Result "1/2-1/2"]
[WhiteElo "2200"]
[BlackElo "2416"]

1.d4 d5 2.c4 e6 3.Nf3 Nf6 4.g3 Be7 5.Bg2 O-O 6.O-O dxc4 7.Ne5 Nc6 8.Nxc6 bxc6
9.Na3 Bxa3 10.bxa3 Ba6 11.Qd2 Rb8 12.Rd1 Nd5 13.Qa5 Qc8 14.e4 Nb6 15.a4 c3
16.Qxc3 Nxa4 17.Qxc6 Rb4 18.Qc2 Rc4 19.Qb3 c5 20.d5 exd5 21.exd5 Qd7 22.Bd2 Rd4
23.Bc3 Rxd1+ 24.Rxd1 Be2 25.Re1 c4 26.Qa3 Re8  1/2-1/2

[Event "TCh-Europe u18 girls"]
[Site "Balatonlelle HUN"]
[Date "2003.07.20"]
[Round "2"]
[White "Ignacz,M"]
[Black "Gutsko,A"]
[Result "0-1"]
[WhiteElo "2191"]
[BlackElo "2184"]

1.d4 Nf6 2.c4 e6 3.g3 d5 4.Bg2 Be7 5.Nf3 O-O 6.O-O Nbd7 7.Qc2 c6 8.Nbd2 b6
9.e4 Bb7 10.b3 Rc8 11.Bb2 c5 12.cxd5 cxd4 13.Qd3 exd5 14.e5 Ne4 15.Qxd4 Bc5
16.Qd3 Nb8 17.Nxe4 dxe4 18.Qxd8 Rfxd8 19.Ng5 Ba6 20.Rfd1 e3 21.Bh3 exf2+
22.Kh1 Bb7+ 23.Bg2 f1=Q+ 24.Rxf1 Bxg2+ 25.Kxg2 Rd2+  0-1

[Event "TCh-Europe u18"]
[Site "Balatonlelle HUN"]
[Date "2003.07.20"]
[Round "2"]
[White "Degtiarev,E"]
[Black "Huang,H"]
[Result "1/2-1/2"]
[WhiteElo "2258"]
[BlackElo "2082"]

1.d4 Nf6 2.c4 e6 3.g3 d5 4.Nf3 Be7 5.Bg2 b6 6.Qa4+ c6 7.Ne5 Bb7 8.O-O O-O
9.Nc3 Nfd7 10.Nxd7 Qxd7 11.Rd1 dxc4 12.Qxc4 Ba6 13.Qa4 b5 14.Qc2 Bb7 15.Ne4 Na6
16.a3 h6 17.Bf4 Rfd8 18.Nc5 Nxc5 19.dxc5 Qe8 20.Bc7 Rd7 21.Ba5 Bd8 22.Rxd7 Qxd7
23.Rd1 Qe7 24.Qd2 Bxa5 25.Qxa5 Qxc5 26.Rd7 Bc8 27.Rd8+ Kh7 28.Qc7 Bb7 29.Rd7 Qc1+
30.Bf1 Ba6 31.Rxf7 Rg8 32.Qxa7 Bc8 33.Qd4 e5 34.Qc3 Qa1 35.f4 Be6  1/2-1/2

[Event "Quebec Open"]
[Site "Montreal CAN"]
[Date "2003.07.20"]
[Round "2"]
[White "Nogueiras,J"]
[Black "Masse,H"]
[Result "1-0"]
[WhiteElo "2521"]
[BlackElo "2120"]

1.c4 e6 2.Nf3 d5 3.d4 Nf6 4.g3 Be7 5.Bg2 O-O 6.Qc2 c6 7.O-O Nbd7 8.b3 b6
9.Nc3 Bb7 10.Rd1 dxc4 11.bxc4 c5 12.d5 exd5 13.cxd5 Re8 14.Bf4 a6 15.e4 Bf8
16.e5 Nh5 17.Ng5 g6 18.e6  1-0